Respuestas y opciones de los productores de subsistencia a las señales de política pública ambiental: un enfoque de análisis multisectorial /

Se pretende evaluar el impacto que tiene sobre la economía de una comunidad rural yucateca la promoción del uso del maíz para la producción de bioetanol Posterior a una simulación realizada con base en un modelo de multiplicadores contables que toma como punto de partida una Matriz de Contabilidad S...

全面介紹

Guardado en:
書目詳細資料
主要作者: Becerril García, Javier
其他作者: Albornoz Mendoza, Lilian
格式: Texto
主題:
標簽: 添加標簽
沒有標簽, 成為第一個標記此記錄!

MARC

LEADER 00000 a a2200000 04500
001 43847
003
040
100 |a Becerril García, Javier  
245 |a Respuestas y opciones de los productores de subsistencia a las señales de política pública ambiental:   |b un enfoque de análisis multisectorial /  |c Javier Becerril García ; Lilian Albornoz Mendoza  
500 |a javier.becerril@uady.mx   |a albornoz@uady.mx  
520 |a Se pretende evaluar el impacto que tiene sobre la economía de una comunidad rural yucateca la promoción del uso del maíz para la producción de bioetanol Posterior a una simulación realizada con base en un modelo de multiplicadores contables que toma como punto de partida una Matriz de Contabilidad Social, se demuestra que los efectos de un aumento en la demanda del cereal sobre el Producto Interno Bruto de la economía de subsistencia y en los ingresos de los hogares son mínimos. Se propone también incentivar la demanda de artesanías o la producción de miel en la localidad, con el fin de proponer otras alternativas de desarrollo sustentable  
590 |a KSR/OCTUBRE2012  
650 |a 1   |a .POLITICA AMBIENTAL   |a 2.POBREZA   |a 3.PRODUCTO INTERNO BRUTO   |a 4.MAIZ   |a 5.MEXICO  
700 |a Albornoz Mendoza, Lilian  
773 |g volumen41, número162 ( , 2010), páginas 85-102 : tablas  
999 |c 37268  |d 37268